| 000 | 00573nam a22002057a 4500 | ||
|---|---|---|---|
| 003 | 0 | ||
| 005 | 20240822084240.0 | ||
| 008 | 240822b xxu||||| |||| 00| 0 eng d | ||
| 020 | _a978-0-357-90149-6 | ||
| 050 |
_aHG 179 _b.G23 2024 |
||
| 100 | _aGarman, E. Thomas. | ||
| 245 |
_aPersonal finance / _cE. Thomas Garman and Jonathan J. Fox. |
||
| 250 | _a14th ed | ||
| 260 |
_aBoston, MA : _bCengage, _cc2024. |
||
| 300 |
_axxiii, 594 p. : _bcol. ill. ; _c28 cm. |
||
| 504 | _aIncludes index. | ||
| 650 | _aFinance, personal | ||
| 650 | _aMutual funds | ||
| 942 |
_2lcc _cBK |
||
| 999 |
_c366137 _d366137 |
||